व्यंग्य अमरकोश : (Record no. 111974)
[ view plain ]
| 000 -LEADER | |
|---|---|
| fixed length control field | 01180nam a22002537a 4500 |
| 005 - DATE AND TIME OF LATEST TRANSACTION | |
| control field | 20170124102932.0 |
| 010 ## - LIBRARY OF CONGRESS CONTROL NUMBER | |
| LC control number | A-707877 |
| 020 ## - INTERNATIONAL STANDARD BOOK NUMBER | |
| Terms of availability | 400.00 |
| 035 ## - SYSTEM CONTROL NUMBER | |
| System control number | A-707877 |
| 037 ## - SOURCE OF ACQUISITION | |
| Source of stock number/acquisition | Cen Lib/Ret |
| 040 ## - CATALOGING SOURCE | |
| Original cataloging agency | DPL |
| Language of cataloging | HN |
| 082 ## - DEWEY DECIMAL CLASSIFICATION NUMBER | |
| Classification number | 423 |
| Item number | पुणतां |
| 100 ## - MAIN ENTRY--PERSONAL NAME | |
| Personal name | पुणतांबेकर, शंकर |
| 9 (RLIN) | 44829 |
| 245 ## - TITLE STATEMENT | |
| Title | व्यंग्य अमरकोश : |
| Statement of responsibility, etc | शंकर पुणतांबेकर |
| Remainder of title | शब्द के माध्यम से व्यंग्य में अनूठा प्रयोग / |
| 246 ## - VARYING FORM OF TITLE | |
| Title proper/short title | Vyang amarkosh : shabd ke madhyam se vyang me anootha prayog / |
| Remainder of title | by Shankar Purntambekar |
| 260 ## - PUBLICATION, DISTRIBUTION, ETC. (IMPRINT) | |
| Name of publisher, distributor, etc | पंचशील प्रकाशन |
| Place of publication, distribution, etc | जयपुर |
| Date of publication, distribution, etc | 1994 |
| 270 ## - ADDRESS | |
| City | जयपुर |
| Address | फिल कॉलोनी |
| Postal code | 302003 |
| 300 ## - PHYSICAL DESCRIPTION | |
| Extent | 474पृ. |
| Dimensions | 21सेमी (सजिल्द) |
| 650 ## - SUBJECT ADDED ENTRY--TOPICAL TERM | |
| Topical term or geographic name as entry element | व्यंग्य में अनूठा प्रयोग |
| 9 (RLIN) | 45301 |
| 650 ## - SUBJECT ADDED ENTRY--TOPICAL TERM | |
| Topical term or geographic name as entry element | हिन्दी -- व्यंग्य |
| 9 (RLIN) | 45302 |
| 650 ## - SUBJECT ADDED ENTRY--TOPICAL TERM | |
| Topical term or geographic name as entry element | Unique experiment in satire |
| 9 (RLIN) | 45303 |
| 650 ## - SUBJECT ADDED ENTRY--TOPICAL TERM | |
| Topical term or geographic name as entry element | Hindi - satire |
| 9 (RLIN) | 45304 |
| 942 ## - ADDED ENTRY ELEMENTS (KOHA) | |
| Source of classification or shelving scheme | Dewey Decimal Classification |
| Koha item type | Hindi Books |
| Classification part | 423 |
| Call number suffix | पुणतां |
| Withdrawn status | Lost status | Damaged status | Not for loan | Home library | Current library | Date acquired | Source of acquisition | Cost, normal purchase price | Total Checkouts | Full call number | Barcode | Date last seen | Copy number | Cost, replacement price | Price effective from | Koha item type |
|---|---|---|---|---|---|---|---|---|---|---|---|---|---|---|---|---|
| Central Library | Central Library | 06/08/2015 | Cen Lib/Ret | 400.00 | 423 पुणतां | A-707877 | 06/08/2015 | 1 | 400.00 | 06/08/2015 | Hindi Books |
